000
00344nam a2200145Ia 4500
008
150201s1991 xx 000 0 und d
082
_a
611
_b
D1991V
100
_a
VERMA,K.C.
245
_a
DIAGNOSTIC CARDIOLOGY
250
_a
1ST
260
_b
JAYPEE MEDICAL PUBLISHER
_a
DELHI
_c
1991
300
_a
1-244
650
_a
MEDICINE
942
_2
ddc
_c
BK
999
_c
3105
_d
3105